[Event "XV Torneo Leonardo di Bona A"]
[Site "Cutro ITA"]
[Date "2009.04.20"]
[Round "3"]
[White "Inkiov, Ventzislav V."]
[Black "Malaniuk, Vladimir P."]
[Result "0-1"]
[WhiteElo "2471"]
[BlackElo "2523"]
[PlyCount "198"]
[EventDate "2009.04.18"]

1. e4 e5 2. Nf3 Nc6 3. Bc4 Nf6 4. d3 Be7 5. O-O O-O 6. a4 d5 7. exd5 Nxd5 8.
Re1 Bg4 9. h3 Bxf3 10. Qxf3 Nb6 11. Nd2 Nxc4 12. Nxc4 Re8 13. Bd2 Bc5 14. c3 a5
15. Re2 Re6 16. Rae1 Qe7 17. Qg4 Re8 18. Bg5 Qf8 19. Qf5 f6 20. Bh4 Qf7 21. Bg3
R6e7 22. b3 Rd8 23. Bh4 Qg6 24. Qxg6 hxg6 25. Rd2 Red7 26. Red1 b6 27. Bg3 Ne7
28. d4 exd4 29. cxd4 Bb4 30. Rd3 Nf5 31. d5 g5 32. Bh2 Nd6 33. Bxd6 Bxd6 34. g3
Bc5 35. Kg2 Kf7 36. Kf3 Kg6 37. Kg2 Re7 38. R3d2 Bb4 39. Rd3 Re2 40. g4 Bc5 41.
R1d2 Re4 42. d6 cxd6 43. Nxd6 Re1 44. Nf5 Rxd3 45. Rxd3 Kf7 46. Kf3 Rb1 47. Ng3
Ke6 48. Ne4 Bb4 49. Ng3 Rb2 50. Re3+ Kd5 51. Rd3+ Kc6 52. Ne4 b5 53. axb5+ Kxb5
54. Rd5+ Kc6 55. Rd3 Bf8 56. Kg2 Bb4 57. Kg3 Re2 58. Kf3 Re1 59. Rd8 Rb1 60.
Rd3 Ra1 61. Ke3 Rh1 62. Ke2 Kc7 63. Nd2 Kc6 64. Ne4 Kb5 65. Rd5+ Kb6 66. Rd3
Kc6 67. Nd2 Bxd2 68. Kxd2 Kc5 69. Kc2 Rh2 70. Rf3 Kb4 71. Kb2 Rg2 72. Kc2 Rg1
73. Re3 Rf1 74. Rf3 Re1 75. Re3 Rh1 76. Re4+ Kc5 77. f4 Rh2+ 78. Kc1 Kd5 79.
Ra4 gxf4 80. Rxf4 Rxh3 81. Kb2 Rg3 82. Ka3 Ke6 83. Ka4 Kf7 84. Rf5 Rxg4+ 85.
Kxa5 Rg1 86. b4 Ra1+ 87. Kb6 g5 88. b5 Kg6 89. Rc5 g4 90. Kc6 f5 91. b6 Ra8 92.
b7 Rb8 93. Kc7 Rxb7+ 94. Kxb7 g3 95. Kc6 g2 96. Rc1 f4 97. Kd5 f3 98. Rc8 Kf7
99. Rc7+ Kf6 0-1

[Event "XV Torneo Leonardo di Bona A"]
[Site "Cutro ITA"]
[Date "2009.04.20"]
[Round "3"]
[White "Piccoli, Vincenzo"]
[Black "Parrella, Alfredo"]
[Result "0-1"]
[WhiteElo "2016"]
[BlackElo "2093"]
[PlyCount "130"]
[EventDate "2009.04.18"]

1. e4 c5 2. Nf3 e6 3. Nc3 a6 4. d4 cxd4 5. Nxd4 Qb6 6. Nb3 Qc7 7. a3 b5 8. g3
Bb7 9. Bg2 Nc6 10. O-O d6 11. f4 Nf6 12. Be3 Be7 13. Kh1 h5 14. h3 Nd7 15. Nd4
Na5 16. f5 e5 17. Nde2 Nc4 18. Qc1 Nxe3 19. Qxe3 h4 20. g4 Nb6 21. Rad1 Nc4 22.
Qc1 Qd8 23. Rd3 Bg5 24. Qa1 Qb6 25. Nd1 Nd2 26. Rxd2 Bxd2 27. Nf2 Be3 28. Nd3
Bg5 29. Qd1 a5 30. c3 O-O 31. Ng1 Be3 32. Qe1 Bg5 33. Nf3 Qd8 34. Qe2 Re8 35.
f6 Bxf6 36. Qe3 Be7 37. Qf2 Rf8 38. Qe3 Rc8 39. Rd1 Qc7 40. g5 g6 41. Nxh4 Qc4
42. Nf2 Kg7 43. Qg3 Rh8 44. Bf3 Rh7 45. Ng2 Qc5 46. h4 b4 47. Nd3 Qc4 48. h5
bxa3 49. h6+ Kf8 50. Ne3 Qc7 51. bxa3 Qxc3 52. a4 Qd4 53. Nd5 Bxd5 54. exd5
Qxa4 55. Rb1 Qa3 56. Be4 Qa4 57. Nf2 Qd4 58. Qg4 Rd8 59. Nh3 a4 60. Qf3 Ke8 61.
Rb7 a3 62. Rxe7+ Kxe7 63. Qf6+ Ke8 64. Bxg6 a2 65. Bxf7+ Rxf7 0-1

[Event "XV Torneo Leonardo di Bona A"]
[Site "Cutro ITA"]
[Date "2009.04.20"]
[Round "3"]
[White "Rusev, Krasimir"]
[Black "Blasco, Domenico"]
[Result "1-0"]
[WhiteElo "2498"]
[BlackElo "1989"]
[PlyCount "89"]
[EventDate "2009.04.18"]

1. d4 g6 2. c4 Bg7 3. Nc3 c5 4. d5 d6 5. e4 Nf6 6. Bd3 O-O 7. Nge2 Nbd7 8. f4
e6 9. dxe6 fxe6 10. O-O b6 11. h3 Bb7 12. Be3 Qe7 13. Qd2 Kh8 14. Bc2 Rad8 15.
Rad1 Nb8 16. Bf2 a6 17. Bh4 Qc7 18. Qe1 Nc6 19. Kh1 Rde8 20. Bg5 Nd4 21. Bd3
Bc6 22. Ng3 Qb7 23. Rd2 b5 24. Rdf2 b4 25. Nb1 a5 26. Nd2 a4 27. Qd1 Qc7 28. f5
exf5 29. exf5 h6 30. Bxf6 Rxf6 31. fxg6 Rxf2 32. Rxf2 d5 33. Nh5 dxc4 34. Nxc4
Bd5 35. Qd2 Bxc4 36. Bxc4 Qe5 37. Nxg7 Kxg7 38. Rf1 Re7 39. Qf2 Kxg6 40. Qf8
Qe3 41. Qf6+ Kh7 42. Bd3+ Qxd3 43. Qxe7+ Kg6 44. Qf7+ Kg5 45. Qf6+ 1-0

[Event "XV Torneo Leonardo di Bona A"]
[Site "Cutro ITA"]
[Date "2009.04.20"]
[Round "3"]
[White "Tratar, Marko"]
[Black "Marholev, Dimitar"]
[Result "1-0"]
[WhiteElo "2488"]
[BlackElo "2396"]
[PlyCount "101"]
[EventDate "2009.04.18"]

1. Nf3 Nf6 2. c4 c5 3. Nc3 e6 4. g3 b6 5. Bg2 Bb7 6. O-O Nc6 7. Re1 Be7 8. e4
d6 9. d4 Nxd4 10. Nxd4 cxd4 11. Qxd4 O-O 12. b3 a6 13. Bb2 Qc7 14. Rad1 Rab8
15. Ba3 Rfd8 16. Bb4 Bc6 17. a4 Qb7 18. Qe3 Bf8 19. Rd2 Qc7 20. Red1 h6 21. h3
Rd7 22. Rd3 Rbd8 23. R1d2 g6 24. Qe2 h5 25. f4 b5 26. cxb5 axb5 27. axb5 Bb7
28. Qe3 Bg7 29. Ra2 d5 30. Ba5 d4 31. Bxc7 dxe3 32. Rxd7 Rxd7 33. Be5 Ne8 34.
Bxg7 Kxg7 35. e5 Bxg2 36. Kxg2 Rd3 37. Rc2 Nc7 38. b4 Nd5 39. Nxd5 Rxd5 40. Kf3
Rxb5 41. Rb2 g5 42. Kxe3 h4 43. g4 gxf4+ 44. Kxf4 Kg6 45. Ke4 Kg5 46. Rb3 Kg6
47. Kd4 Rd5+ 48. Kc4 Rxe5 49. b5 Rd5 50. Rd3 f5 51. b6 1-0

[Event "XV Torneo Leonardo di Bona A"]
[Site "Cutro ITA"]
[Date "2009.04.20"]
[Round "3"]
[White "Van Hoolandt, Patrick"]
[Black "Neubauer, Kai"]
[Result "1-0"]
[WhiteElo "2224"]
[BlackElo "2020"]
[PlyCount "111"]
[EventDate "2009.04.18"]

1. d4 d5 2. c4 e6 3. Nf3 Nf6 4. Nc3 Be7 5. Qc2 Nbd7 6. cxd5 exd5 7. Bg5 O-O 8.
e3 Re8 9. Bd3 Nf8 10. h3 c6 11. O-O Ne4 12. Bf4 f5 13. Ne5 Ng6 14. Nxe4 Nxe5
15. Nc5 Nxd3 16. Nxd3 Be6 17. Rfc1 Bg5 18. Be5 Rf8 19. b4 Qe8 20. Kh2 Bh6 21.
f4 Rc8 22. Qe2 Qe7 23. Rc5 Rfe8 24. Rac1 Bd7 25. Ra5 Ra8 26. Ra3 g6 27. Rb3 b5
28. Qe1 Qd8 29. Nc5 Bf8 30. Nb7 Qc8 31. Na5 Re6 32. a3 Be7 33. Rbc3 Qa6 34. Ra1
Bd8 35. Nb3 Be7 36. Rc2 Qa4 37. Qc3 Qa6 38. Nc1 Qc8 39. Nd3 Qf8 40. Qb3 a5 41.
bxa5 Rxa5 42. a4 g5 43. fxg5 Bxg5 44. Nc5 bxa4 45. Qc3 Rxc5 46. dxc5 Qe7 47.
Bd6 Rxd6 48. cxd6 Qxd6+ 49. Kh1 Bf6 50. Qa3 Qe5 51. Rf1 Qg3 52. Rf3 Qe1+ 53.
Kh2 Be5+ 54. g3 d4 55. Qe7 d3 56. Qd8+ 1-0

[Event "XV Torneo Leonardo di Bona A"]
[Site "Cutro ITA"]
[Date "2009.04.20"]
[Round "3"]
[White "Vuelban, Virgilio"]
[Black "Nikolova, Adriana"]
[Result "0-1"]
[WhiteElo "2422"]
[BlackElo "2304"]
[PlyCount "144"]
[EventDate "2009.04.18"]

1. e4 c5 2. Nf3 d6 3. d4 cxd4 4. Nxd4 Nf6 5. Nc3 Nc6 6. f3 e5 7. Nb3 Be6 8. Be3
Be7 9. Qd2 O-O 10. O-O-O Na5 11. Nxa5 Qxa5 12. Kb1 Rfc8 13. Nd5 Qxd2 14. Nxe7+
Kf8 15. Bxd2 Kxe7 16. Bb4 Ne8 17. Bb5 Bd7 18. Rd5 f6 19. Rhd1 Bc6 20. Bxc6 Rxc6
21. f4 Ke6 22. f5+ Ke7 23. b3 b6 24. c4 a5 25. Ba3 Rd8 26. R5d3 Nc7 27. g4 b5
28. Rc1 b4 29. Bb2 Na6 30. Re1 a4 31. Rh3 axb3 32. axb3 h6 33. Rg3 Nc5 34. h4
Kf7 35. Rge3 Rh8 36. Bc1 Ra6 37. Bd2 Rb8 38. Kb2 Ra7 39. Rd1 Ra6 40. Rg1 Rab6
41. Rd1 Ra8 42. Be1 Ra5 43. Bd2 Ra8 44. Rg1 Rab8 45. Ra1 Ra6 46. Rxa6 Nxa6 47.
Rd3 Ke7 48. Be3 Nc5 49. Bxc5 dxc5 50. Rd5 Rc8 51. Kc2 Rc7 52. Kd3 Rc8 53. Kc2
Rc7 54. Kd3 Rc8 55. Ke3 Rc7 56. Kd3 Rc8 57. Ke3 Rc7 58. Kf3 Rc8 59. h5 Rc7 60.
g5 hxg5 61. Kg4 Rc8 62. h6 gxh6 63. Kh5 Rg8 64. Rxc5 g4 65. Rd5 g3 66. Rd1 g2
67. Rg1 Kd6 68. Kh4 Kc5 69. Kh3 Kd4 70. Kh2 Kxe4 71. Re1+ Kxf5 72. Kg1 Rg3 0-1

[Event "XV Torneo Leonardo di Bona A"]
[Site "Cutro ITA"]
[Date "2009.04.21"]
[Round "4"]
[White "Georgiev, Vladimir"]
[Black "Tratar, Marko"]
[Result "1-0"]
[WhiteElo "2539"]
[BlackElo "2488"]
[PlyCount "61"]
[EventDate "2009.04.18"]

1. d4 d5 2. c4 c6 3. Nf3 Nf6 4. Nc3 a6 5. cxd5 cxd5 6. Bf4 Nc6 7. Rc1 Ne4 8. e3
Nxc3 9. bxc3 Bg4 10. Bd3 e6 11. Rb1 b5 12. a4 b4 13. O-O Bd6 14. Bg3 Bh5 15.
Qe2 Bxg3 16. hxg3 Qd6 17. Bxa6 Bxf3 18. gxf3 Nxd4 19. cxd4 Rxa6 20. Qb5+ Ke7
21. Rxb4 Rha8 22. Rc1 R8a7 23. Rc5 f5 24. a5 Kf6 25. Ra4 Ra8 26. e4 dxe4 27.
fxe4 fxe4 28. Qb7 R8a7 29. Qxe4 h6 30. Ra3 Ke7 31. Qg4 1-0

[Event "XV Torneo Leonardo di Bona A"]
[Site "Cutro ITA"]
[Date "2009.04.21"]
[Round "4"]
[White "Marholev, Dimitar"]
[Black "Mrdja, Milan"]
[Result "1/2-1/2"]
[WhiteElo "2396"]
[BlackElo "2431"]
[PlyCount "32"]
[EventDate "2009.04.18"]

1. d4 d5 2. Nf3 Nf6 3. c4 e6 4. Nc3 Bb4 5. Bg5 h6 6. Bxf6 Qxf6 7. cxd5 exd5 8.
e3 O-O 9. a3 Bxc3+ 10. bxc3 Bg4 11. Be2 Nc6 12. O-O Rfd8 13. Rb1 b6 14. c4 dxc4
15. Bxc4 Na5 16. Be2 Bf5 1/2-1/2

[Event "XV Torneo Leonardo di Bona A"]
[Site "Cutro ITA"]
[Date "2009.04.21"]
[Round "4"]
[White "Meijers, Viesturs"]
[Black "Epishin, Vladimir V."]
[Result "0-1"]
[WhiteElo "2458"]
[BlackElo "2591"]
[PlyCount "98"]
[EventDate "2009.04.18"]

1. e4 c5 2. Nf3 e6 3. d4 cxd4 4. Nxd4 Nf6 5. Bd3 Nc6 6. Nf3 d5 7. exd5 exd5 8.
O-O Be7 9. Bg5 h6 10. Bh4 O-O 11. Nbd2 Qb6 12. Nb3 Bg4 13. Be2 Rfe8 14. Rb1
Rad8 15. c3 g5 16. Bg3 Ne4 17. Nfd4 Bxe2 18. Qxe2 Nxd4 19. Nxd4 Bc5 20. Qd3
Bxd4 21. cxd4 Rc8 22. Rfd1 Rc6 23. a3 Ree6 24. f3 Nxg3 25. hxg3 Qc7 26. g4 Qf4
27. Re1 Rxe1+ 28. Rxe1 Rc1 29. Rd1 Rxd1+ 30. Qxd1 Qe3+ 31. Kf1 Kg7 32. g3 a6
33. Kg2 b5 34. Qg1 Qd3 35. Qf2 a5 36. f4 b4 37. axb4 axb4 38. fxg5 hxg5 39. Kh3
Qh7+ 40. Kg2 Qe4+ 41. Kh3 b3 42. Kh2 Kg6 43. Qf1 Qxg4 44. Qd3+ f5 45. Qxb3 Qxd4
46. Qb8 Qf2+ 47. Kh1 Kh5 48. b4 Kg4 49. b5 Kf3 0-1

[Event "XV Torneo Leonardo di Bona A"]
[Site "Cutro ITA"]
[Date "2009.04.21"]
[Round "4"]
[White "Naumkin, Igor"]
[Black "Drasko, Milan"]
[Result "1/2-1/2"]
[WhiteElo "2488"]
[BlackElo "2527"]
[PlyCount "21"]
[EventDate "2009.04.18"]

1. d4 e6 2. c4 Nf6 3. Nf3 Bb4+ 4. Bd2 c5 5. Bxb4 cxb4 6. g3 O-O 7. Bg2 d6 8.
O-O Nc6 9. Nbd2 e5 10. d5 Nb8 11. a3 1/2-1/2

[Event "XV Torneo Leonardo di Bona A"]
[Site "Cutro ITA"]
[Date "2009.04.21"]
[Round "4"]
[White "Neubauer, Kai"]
[Black "Vuelban, Virgilio"]
[Result "0-1"]
[WhiteElo "2020"]
[BlackElo "2422"]
[PlyCount "110"]
[EventDate "2009.04.18"]

1. d4 Nf6 2. c4 g6 3. Nc3 Bg7 4. e4 d6 5. Nf3 O-O 6. Be2 e5 7. O-O Nc6 8. dxe5
Nxe5 9. Nxe5 dxe5 10. Qxd8 Rxd8 11. Bg5 c6 12. Rfd1 Be6 13. f3 Rxd1+ 14. Rxd1
Nd7 15. Be3 Bf8 16. a3 Nb6 17. c5 Nc4 18. Bxc4 Bxc4 19. b4 Be6 20. Bg5 b6 21.
cxb6 axb6 22. Rd8 Rxd8 23. Bxd8 b5 24. Bc7 f6 25. Bb6 Bh6 26. Kf2 Bc1 27. Ke2
Bxa3 28. Bc5 Bc1 29. Nd1 Bc4+ 30. Ke1 Kf7 31. Ne3 Bb3 32. Ke2 Ke6 33. Kd3 Bb2
34. Bb6 f5 35. g4 f4 36. Nc2 Bc1 37. Ne1 Bb2 38. Nc2 Ba2 39. Kd2 g5 40. Bc5 Kf7
41. Ne1 Bc4 42. Nc2 Kg6 43. Ne1 h5 44. Nd3 Bxd3 45. Kxd3 hxg4 46. fxg4 Kf7 47.
Bb6 Ke7 48. Bc5+ Ke6 49. Bb6 Bd4 50. Bd8 c5 51. bxc5 b4 52. Bxg5 Bxc5 53. h4
Be7 54. Bxe7 Kxe7 55. h5 Kf6 0-1

[Event "XV Torneo Leonardo di Bona A"]
[Site "Cutro ITA"]
[Date "2009.04.21"]
[Round "4"]
[White "Nikolova, Adriana"]
[Black "Genocchio, Daniele"]
[Result "1/2-1/2"]
[WhiteElo "2304"]
[BlackElo "2445"]
[PlyCount "119"]
[EventDate "2009.04.18"]

1. e4 Nf6 2. e5 Nd5 3. d4 d6 4. Nf3 dxe5 5. Nxe5 c6 6. Bc4 Be6 7. O-O Nd7 8.
Nxd7 Qxd7 9. Bb3 Bg4 10. Qe1 e6 11. h3 Bf5 12. a3 a5 13. Qe2 a4 14. Ba2 Be7 15.
c4 Nc7 16. Be3 Bf6 17. Rd1 O-O 18. Nc3 Rfd8 19. Rd2 Qe8 20. Rad1 Rd7 21. Bb1
Bxb1 22. Rxb1 b5 23. cxb5 cxb5 24. Nxb5 Nd5 25. Rc1 Rb8 26. Nc3 Rdb7 27. Nxd5
exd5 28. Bf4 Re7 29. Qa6 Ra8 30. Qc6 Re1+ 31. Kh2 Rxc1 32. Qxc1 h6 33. Qc5 Qe4
34. Be3 Re8 35. Qc2 Qxc2 36. Rxc2 Re4 37. Rd2 Re6 38. Kg3 Rc6 39. Kf3 h5 40.
Ke2 Kf8 41. Kd1 Ke7 42. Rc2 Kd7 43. Rxc6 Kxc6 44. Kc2 Kb5 45. Kd3 g6 46. Bf4
Be7 47. Bb8 f5 48. Bf4 Bd8 49. Bd6 Bg5 50. Kc3 Bf6 51. Bc5 Bg5 52. b3 Bh4 53.
g3 Bg5 54. Bf8 Bf6 55. bxa4+ Kxa4 56. h4 g5 57. hxg5 Bxg5 58. Kc2 Bf6 59. Kd3
Kb3 60. Bd6 1/2-1/2

[Event "XV Torneo Leonardo di Bona A"]
[Site "Cutro ITA"]
[Date "2009.04.21"]
[Round "4"]
[White "Parrella, Alfredo"]
[Black "Van Hoolandt, Patrick"]
[Result "0-1"]
[WhiteElo "2093"]
[BlackElo "2224"]
[PlyCount "148"]
[EventDate "2009.04.18"]

1. e4 e5 2. Nf3 Nc6 3. Bb5 Nf6 4. O-O Nxe4 5. d4 Nd6 6. Bxc6 dxc6 7. dxe5 Nf5
8. Qxd8+ Kxd8 9. c4 Be6 10. b3 h6 11. Bb2 a5 12. h3 g5 13. Nc3 Be7 14. Rad1+
Kc8 15. g4 Ng7 16. Nd4 h5 17. f3 c5 18. Nxe6 Nxe6 19. Rf2 hxg4 20. hxg4 Ra6 21.
Nd5 Bd8 22. a4 c6 23. Ne3 Rb6 24. Nf5 Rxb3 25. Nd6+ Kc7 26. Nxf7 Rf8 27. Nd6
Rbxf3 28. Ne8+ Kc8 29. Nf6 Rxf2 30. Kxf2 Bxf6 31. exf6 Nd4 32. Bxd4 cxd4 33.
Rxd4 Rxf6+ 34. Ke2 Kc7 35. c5 Re6+ 36. Kd3 Re5 37. Rc4 Kd7 38. Rc1 Ke6 39. Kd4
Rd5+ 40. Ke4 Rd2 41. Rb1 Ra2 42. Rxb7 Rxa4+ 43. Kf3 Rf4+ 44. Kg3 Rc4 45. Rb8
Rxc5 46. Rg8 a4 47. Ra8 Rc3+ 48. Kf2 a3 49. Ke2 Ke5 50. Kd2 Rg3 51. Kc1 a2 52.
Kb2 Rxg4 53. Ra5+ Kd6 54. Kxa2 Rg3 55. Kb2 c5 56. Ra8 Kd5 57. Ra4 c4 58. Ra8
Ke4 59. Rc8 Kd3 60. Rd8+ Ke2 61. Kc2 g4 62. Rg8 Ke1 63. Re8+ Kf2 64. Rg8 Rg1
65. Kd2 Rg3 66. Kc2 Kg2 67. Kd2 Kh2 68. Rg7 Rd3+ 69. Ke2 g3 70. Rh7+ Kg1 71.
Rc7 Rc3 72. Kd2 Rf3 73. Rxc4 Kf2 74. Rc1 g2 0-1

[Event "XV Torneo Leonardo di Bona A"]
[Site "Cutro ITA"]
[Date "2009.04.21"]
[Round "4"]
[White "Svetushkin, Dmitry"]
[Black "Malaniuk, Vladimir P."]
[Result "1/2-1/2"]
[WhiteElo "2615"]
[BlackElo "2523"]
[PlyCount "85"]
[EventDate "2009.04.18"]

1. d4 f5 2. Nc3 Nf6 3. Bg5 d5 4. Bxf6 exf6 5. e3 c6 6. Bd3 Na6 7. Bxa6 bxa6 8.
Na4 Bd6 9. Ne2 Qe7 10. O-O O-O 11. Qd2 g5 12. Rae1 h5 13. h4 f4 14. exf4 gxh4
15. f3 Bf5 16. Kf2 Qh7 17. Rh1 h3 18. Nc5 hxg2 19. Rh4 Kf7 20. Kxg2 Rg8+ 21.
Kf2 Rg6 22. Nb7 Bf8 23. Ng3 Rxg3 24. Kxg3 Rb8 25. Nc5 Rxb2 26. Rc1 Rxa2 27. Rh2
h4+ 28. Rxh4 Qg6+ 29. Kh2 Bxc2 30. Rg1 Qf5 31. Kh1 Ra3 32. Qg2 Rxf3 33. Qxf3
Bxc5 34. Qg3 Bf8 35. Rh8 Ke7 36. Qa3+ Ke6 37. Qxf8 Be4+ 38. Rg2 Bxg2+ 39. Kg1
Qb1+ 40. Kxg2 Qe4+ 41. Kg3 Qe3+ 42. Kg4 Qe2+ 43. Kg3 1/2-1/2

[Event "XV Torneo Leonardo di Bona A"]
[Site "Cutro ITA"]
[Date "2009.04.22"]
[Round "5"]
[White "Arnaudov, G. Petar"]
[Black "Georgiev, Vladimir"]
[Result "0-1"]
[WhiteElo "2449"]
[BlackElo "2539"]
[PlyCount "52"]
[EventDate "2009.04.18"]

1. c4 e5 2. g3 Nf6 3. Bg2 c6 4. Nf3 e4 5. Nd4 d5 6. cxd5 Qxd5 7. Nc2 Qh5 8. h3
Qg6 9. Nc3 Bd6 10. d3 exd3 11. exd3 O-O 12. O-O Rd8 13. Ne4 Be7 14. Qe2 Na6 15.
Bd2 Be6 16. Nxf6+ Bxf6 17. Be4 Bf5 18. g4 Bxe4 19. dxe4 Nc5 20. f3 h5 21. Rab1
Re8 22. Qg2 Rad8 23. g5 Rxd2 24. Qxd2 Bxg5 25. Qg2 Nd3 26. h4 Nf4 0-1

[Event "XV Torneo Leonardo di Bona A"]
[Site "Cutro ITA"]
[Date "2009.04.22"]
[Round "5"]
[White "Drasko, Milan"]
[Black "Meijers, Viesturs"]
[Result "1/2-1/2"]
[WhiteElo "2527"]
[BlackElo "2458"]
[PlyCount "74"]
[EventDate "2009.04.18"]

1. Nf3 b6 2. g3 Bb7 3. Bg2 e6 4. O-O f5 5. d3 Nf6 6. Nc3 Bb4 7. Bd2 O-O 8. a3
Bxc3 9. Bxc3 Qe8 10. e4 fxe4 11. Ng5 Qg6 12. Bxf6 gxf6 13. Nxe4 Kh8 14. Qd2 Qg7
15. f4 f5 16. Ng5 Bxg2 17. Qxg2 Na6 18. c3 c6 19. Rfe1 Nc7 20. a4 a5 21. Nf3
Rfb8 22. Qe2 b5 23. axb5 cxb5 24. Qe5 Nd5 25. Nd4 Qxe5 26. Rxe5 a4 27. Nxf5
Nxf4 28. gxf4 exf5 29. Rxf5 b4 30. c4 a3 31. bxa3 Rxa3 32. Rxa3 bxa3 33. Ra5
Rb3 34. d4 Rc3 35. c5 Rd3 36. Kg2 Rxd4 37. Rxa3 Rxf4 1/2-1/2

[Event "XV Torneo Leonardo di Bona A"]
[Site "Cutro ITA"]
[Date "2009.04.22"]
[Round "5"]
[White "Genocchio, Daniele"]
[Black "Koziak, Vitali"]
[Result "1/2-1/2"]
[WhiteElo "2445"]
[BlackElo "2475"]
[PlyCount "101"]
[EventDate "2009.04.18"]

1. e4 c5 2. Nf3 Nc6 3. d4 cxd4 4. Nxd4 Nf6 5. Nc3 e5 6. Ndb5 d6 7. Bg5 a6 8.
Na3 b5 9. Nd5 Be7 10. Bxf6 Bxf6 11. c3 O-O 12. Nc2 Bg5 13. a4 Rb8 14. axb5 axb5
15. Bd3 Ne7 16. Nxe7+ Qxe7 17. Nb4 Qb7 18. Ra5 Bd7 19. Ra6 Be7 20. Qa1 Ra8 21.
Rxa8 Rxa8 22. Qd1 f5 23. Bc2 Be6 24. O-O fxe4 25. Bb3 Bc4 26. Re1 Rf8 27. Bxc4+
bxc4 28. Qd5+ Qxd5 29. Nxd5 Kf7 30. Rxe4 Rb8 31. Rxc4 Rxb2 32. Kf1 Bd8 33. Rb4
Rxb4 34. Nxb4 Ke6 35. c4 e4 36. f3 exf3 37. gxf3 Bg5 38. Ke2 Bf4 39. h3 Bg3 40.
Ke3 Kf5 41. Nd5 Kg5 42. f4+ Kh4 43. Kf3 Kxh3 44. Ne7 g6 45. Nc8 Bh2 46. Ne7 Bg1
47. f5 gxf5 48. Nxf5 Bc5 49. Nh6 Kh2 50. Kg4 Kg2 51. Nf7 1/2-1/2

[Event "XV Torneo Leonardo di Bona A"]
[Site "Cutro ITA"]
[Date "2009.04.22"]
[Round "5"]
[White "Inkiov, Ventzislav V."]
[Black "Cordi', Domenico"]
[Result "1-0"]
[WhiteElo "2471"]
[BlackElo "2056"]
[PlyCount "45"]
[EventDate "2009.04.18"]

1. d4 Nf6 2. c4 g6 3. Nc3 Bg7 4. e4 d6 5. f4 O-O 6. Nf3 c5 7. d5 e6 8. dxe6
Bxe6 9. Bd3 Nc6 10. f5 Bc8 11. O-O Nd7 12. Bg5 f6 13. Bf4 Nde5 14. Nd5 Ne7 15.
Nxe5 dxe5 16. Be3 Nxd5 17. cxd5 b6 18. d6 gxf5 19. exf5 Kh8 20. Bc4 Bd7 21. Qg4
Qe8 22. Rf3 Rd8 23. Rh3 1-0

[Event "XV Torneo Leonardo di Bona A"]
[Site "Cutro ITA"]
[Date "2009.04.22"]
[Round "5"]
[White "Mrdja, Milan"]
[Black "Parrella, Alfredo"]
[Result "1-0"]
[WhiteElo "2431"]
[BlackElo "2093"]
[PlyCount "155"]
[EventDate "2009.04.18"]

1. e4 e5 2. Nf3 Nc6 3. Bb5 Bc5 4. O-O Qf6 5. d3 h6 6. Be3 Bb6 7. c3 Nge7 8.
Nbd2 d6 9. a4 Bd7 10. b4 Bxe3 11. fxe3 Qg6 12. Qe1 O-O 13. Bc4 Kh8 14. d4 f6
15. Kh1 Rad8 16. h3 Qh5 17. Be2 Qe8 18. Qg3 Ng8 19. Rf2 Nce7 20. b5 Qg6 21. Qh4
Be6 22. Raf1 Qh7 23. g4 Rfe8 24. Kh2 Nc8 25. Qg3 Nce7 26. c4 Ng6 27. Rc1 b6 28.
Ne1 Nf8 29. Nd3 Re7 30. Nb4 Ra8 31. Nc6 Ree8 32. c5 bxc5 33. dxc5 Nd7 34. cxd6
cxd6 35. Bd3 Nc5 36. Bc2 a5 37. Nb1 Ne7 38. Rd2 Nc8 39. Nc3 Nb6 40. Rxd6 Nc4
41. Rdd1 Nb2 42. Rg1 Bd7 43. Nd5 Bxc6 44. bxc6 Rac8 45. c7 Ne6 46. Bb1 Nxa4 47.
Rc6 Nac5 48. Rc1 Nb3 49. R1c3 Nd2 50. Bd3 Nxe4 51. Qg2 Nxc3 52. Bxh7 Nxd5 53.
Qxd5 Kxh7 54. Rxe6 Rxe6 55. Qxe6 Rxc7 56. Kg3 a4 57. Qf5+ Kh8 58. Qd3 Ra7 59.
Qa3 Ra8 60. Kf3 Kh7 61. h4 Ra7 62. Ke4 Ra5 63. Kd3 Ra8 64. Kc2 Rc8+ 65. Kb2
Rb8+ 66. Ka2 Rb3 67. Qc5 Kh8 68. g5 hxg5 69. hxg5 fxg5 70. Qxe5 g4 71. Qg5 Kg8
72. e4 g3 73. e5 Kf7 74. Qf5+ Ke7 75. Qg6 Kf8 76. e6 Rf3 77. e7+ Kxe7 78. Qe4+
1-0

[Event "XV Torneo Leonardo di Bona A"]
[Site "Cutro ITA"]
[Date "2009.04.22"]
[Round "5"]
[White "Nikolova, Adriana"]
[Black "Bentivegna, Francesco"]
[Result "1/2-1/2"]
[WhiteElo "2304"]
[BlackElo "2326"]
[PlyCount "103"]
[EventDate "2009.04.18"]

1. e4 c5 2. Nf3 Nc6 3. d4 cxd4 4. Nxd4 e5 5. Nb5 d6 6. N1c3 a6 7. Na3 b5 8. Nd5
Nge7 9. c4 Nd4 10. Nc2 Nxd5 11. cxd5 Bg4 12. Qd3 Nxc2+ 13. Qxc2 Rc8 14. Qb3 Be7
15. Bd3 O-O 16. O-O Bg5 17. f3 Bd7 18. Kh1 Bxc1 19. Raxc1 Qg5 20. Rcd1 Qe3 21.
Rde1 Qb6 22. f4 f6 23. Bb1 b4 24. h3 a5 25. Qd1 a4 26. Rf3 Rc4 27. fxe5 dxe5
28. Qe2 Rfc8 29. Qd2 Qc5 30. Bd3 Rc1 31. Rff1 Rxe1 32. Rxe1 Qd4 33. Qe2 a3 34.
b3 Rc3 35. Rd1 Kf8 36. Kh2 Be8 37. Rd2 Rc1 38. Rc2 Qg1+ 39. Kg3 Re1 40. Qd2
Re3+ 41. Kg4 h5+ 42. Kf5 Rf3+ 43. Ke6 Qb6+ 44. d6 Bf7+ 45. Kd7 Qb7+ 46. Rc7
Be8+ 47. Ke6 Bf7+ 48. Kd7 Be8+ 49. Ke6 Bf7+ 50. Kd7 Be8+ 51. Ke6 Bf7+ 52. Kd7
1/2-1/2

[Event "XV Torneo Leonardo di Bona A"]
[Site "Cutro ITA"]
[Date "2009.04.22"]
[Round "5"]
[White "Piccoli, Vincenzo"]
[Black "Neubauer, Kai"]
[Result "0-1"]
[WhiteElo "2016"]
[BlackElo "2020"]
[PlyCount "54"]
[EventDate "2009.04.18"]

1. e4 c5 2. Nf3 Nc6 3. d4 cxd4 4. Nxd4 e5 5. Nb5 d6 6. N1c3 Be6 7. Na3 a6 8.
Nd5 Be7 9. Bc4 Nf6 10. Be3 Bxd5 11. Bxd5 Nxd5 12. Qxd5 O-O 13. O-O-O Qc7 14.
Qb3 b5 15. Rd5 Rfc8 16. c3 b4 17. Nc4 Rab8 18. Qd1 bxc3 19. b3 a5 20. Nxd6 Bxd6
21. Rxd6 Nd4 22. Ra6 Qc5 23. Qd3 Qa3+ 24. Kd1 c2+ 25. Ke1 c1=Q+ 26. Bxc1 Rxc1+
27. Kd2 Qb2+ 0-1

[Event "XV Torneo Leonardo di Bona A"]
[Site "Cutro ITA"]
[Date "2009.04.22"]
[Round "5"]
[White "Rusev, Krasimir"]
[Black "Svetushkin, Dmitry"]
[Result "1-0"]
[WhiteElo "2498"]
[BlackElo "2615"]
[PlyCount "55"]
[EventDate "2009.04.18"]

1. d4 d5 2. c4 c6 3. cxd5 cxd5 4. Nf3 Nf6 5. Nc3 Nc6 6. Bf4 a6 7. Rc1 Bf5 8.
Ne5 Rc8 9. Qa4 Qb6 10. g4 Be6 11. g5 Nd7 12. Nxc6 Rxc6 13. Bg2 h6 14. O-O hxg5
15. Nxd5 Bxd5 16. Bxd5 gxf4 17. Bxc6 bxc6 18. Rxc6 Qb7 19. Qxa6 Qxa6 20. Rxa6
e6 21. Rc1 Rh5 22. Rc8+ Ke7 23. Raa8 f6 24. a4 Kf7 25. Ra7 Rd5 26. a5 e5 27. a6
Ke6 28. Rd8 1-0

[Event "XV Torneo Leonardo di Bona A"]
[Site "Cutro ITA"]
[Date "2009.04.22"]
[Round "5"]
[White "Tratar, Marko"]
[Black "Naumkin, Igor"]
[Result "1-0"]
[WhiteElo "2488"]
[BlackElo "2488"]
[PlyCount "105"]
[EventDate "2009.04.18"]

1. Nf3 Nf6 2. c4 e6 3. g3 d5 4. d4 dxc4 5. Bg2 Nc6 6. Qa4 Bb4+ 7. Bd2 Nd5 8.
Bxb4 Ndxb4 9. O-O Rb8 10. Na3 a6 11. Ne5 O-O 12. Nxc6 Nxc6 13. Qxc4 Qd6 14.
Rfd1 Rd8 15. Rac1 Bd7 16. Qc3 Be8 17. e3 Nb4 18. Qb3 Bc6 19. Nc4 Qe7 20. e4 Bb5
21. d5 exd5 22. exd5 Bxc4 23. Qxc4 c6 24. dxc6 Nxc6 25. Rxd8+ Rxd8 26. Bxc6 Rc8
27. Qf1 Rxc6 28. Rxc6 bxc6 29. Qxa6 Qe1+ 30. Qf1 Qd2 31. Qc4 Qxb2 32. Qxc6 g6
33. Qa8+ Kg7 34. a4 h5 35. h4 g5 36. hxg5 Qc1+ 37. Kg2 Qxg5 38. Qe4 Qc5 39. Qf4
Qd5+ 40. Qf3 Qc5 41. Qe4 Qa5 42. Qd4+ Kg6 43. Qd3+ Kg7 44. Qb5 Qa8+ 45. Kg1 Qe4
46. Qg5+ Kf8 47. Qd8+ Kg7 48. Qg5+ Kf8 49. a5 Qe1+ 50. Kg2 Qe4+ 51. Kh2 Qd4 52.
Qe3 Qa4 53. Qh6+ 1-0

[Event "XV Torneo Leonardo di Bona A"]
[Site "Cutro ITA"]
[Date "2009.04.22"]
[Round "5"]
[White "Van Hoolandt, Patrick"]
[Black "Marholev, Dimitar"]
[Result "0-1"]
[WhiteElo "2224"]
[BlackElo "2396"]
[PlyCount "88"]
[EventDate "2009.04.18"]

1. e4 e5 2. Nf3 Nc6 3. Bb5 a6 4. Ba4 Nf6 5. O-O Be7 6. Re1 b5 7. Bb3 d6 8. c3
Na5 9. Bc2 c5 10. h3 O-O 11. d4 Qc7 12. Nbd2 cxd4 13. cxd4 Bb7 14. d5 Bc8 15.
Re3 Bd7 16. Rc3 Qb8 17. b4 Nb7 18. Bb2 g6 19. Nf1 Nh5 20. Rc1 Bd8 21. Qd2 Bb6
22. Bb3 Nd8 23. Ng5 Nf4 24. Rf3 Nh5 25. g4 Ng7 26. Rg3 Kh8 27. Kg2 f6 28. Nf3
Nf7 29. h4 f5 30. gxf5 gxf5 31. Rxg7 Kxg7 32. Ng3 fxe4 33. Nxe4 Kh8 34. Nf6 Qd8
35. Ne4 Bg4 36. Nfg5 Nxg5 37. Nxg5 Qf6 38. f4 Qxf4 39. Qxf4 Rxf4 40. Rc2 Bf5
41. Re2 Rg4+ 42. Kf3 Rf8 43. Rh2 h6 44. Bc2 Rf4+ 0-1